| 000 | 00000nas 2200000za 4500 |
| 001 | 9.803375 |
| 003 | CaOODSP |
| 005 | 20230131133457 |
| 007 | cr ||||||||||| |
| 008 | 150406d20152017oncar p o||||f0 |0fre|d |
| 022 | |y0709-292X |
| 040 | |aCaOODSP|bfre |
| 043 | |an-cn--- |
| 086 | 1 |aM35-1F-PDF |
| 245 | 00|aProduction des principaux minéraux du Canada. |
| 260 | |aOttawa : |bRessources naturelles Canada, Secteur des minéraux et des métaux |
| 310 | |aMensuel |
| 362 | 0 |aMai 2015-Juin 2017. |
| 500 | |aPubl. aussi en anglais sous le titre: Production of Canada's leading minerals. |
| 500 | |aDisponible en format HTML seulement après juin 2017. |
| 691 | 07|aMinerai|2gcpds |
| 691 | 07|aProduction|2gcpds |
| 710 | 1 |aCanada.|bRessources naturelles Canada. |bSecteur des minéraux et des métaux. |
| 775 | 08|tProduction of Canada's leading minerals = |w(CaOODSP)9.500181 |
| 780 | 00|tProduction of Canada's leading minerals = |w(CaOODSP)9.500182 |